000 00527cam a2200205ua 4500
001 7353
008 141208n ii |||gr||||Z||||||ben
020 _a8170799651
040 _cMAIN
041 _aben
082 _a891.441
100 _aMukherji, A.,
_eAuthor.
245 1 _aKaviguru :
_bValuation of Tagore`s poetry /
_cBy Amulyadhan Mukherji .
250 _a1st.
260 _aCalcutta:
_bDey,
_c2004.
300 _a128p.
653 _aEast Indo-European & Celtic literatures
653 _aBengali poems
942 _cBK
999 _c6478
_d6478